Comentarios a la Ley de enjuiciamiento civil / (Record no. 18725)

MARC details
000 -LEADER
campo de control de longitud fija 00636nam a2200217 i 4500
001 - NÚMERO DE CONTROL
campo de control 18725
003 - IDENTIFICADOR DE NÚMERO DE CONTROL
campo de control ES-MaACL
005 - FECHA Y HORA DE LA ÚLTIMA TRANSACCIÓN
campo de control 20230906151917.0
007 - CAMPO FIJO DE DESCRIPCIÓN FÍSICA--INFORMACIÓN GENERAL
campo de control de longitud fija t|
008 - DATOS DE LONGITUD FIJA--INFORMACIÓN GENERAL
campo de control de longitud fija 020307s2001 sp ||||1| spa d
020 ## - NÚMERO INTERNACIONAL ESTÁNDAR DEL LIBRO
Número Internacional Estándar del Libro 84-470-1589-0
080 ## - NÚMERO DE LA CLASIFICACIÓN DECIMAL UNIVERSAL
Número de la Clasificación Decimal Universal 347.91/.95(460)
245 00 - MENCIÓN DEL TÍTULO
Título Comentarios a la Ley de enjuiciamiento civil /
Mención de responsabilidad, etc. Andrés de la Oliva Santos... [et al.].
250 ## - MENCION DE EDICION
Mención de edición 1ª ed.
260 ## - PUBLICACIÓN, DISTRIBUCIÓN, ETC.
Lugar de publicación, distribución, etc. Madrid :
Nombre del editor, distribuidor, etc. Civitas,
Fecha de publicación, distribución, etc. 2001.
300 ## - DESCRIPCIÓN FÍSICA
Extensión 1491 p. ;
Dimensiones 25 cm.
500 ## - NOTA GENERAL
Nota general Indice.
650 #4 - PUNTO DE ACCESO ADICIONAL DE MATERIA--TÉRMINO DE MATERIA
Término de materia o nombre geográfico como elemento de entrada Procedimiento civil-
Subdivisión geográfica España.
9 (RLIN) 16420
700 1# - ENTRADA AGREGADA--NOMBRE PERSONAL
Nombre de persona Oliva Santos, Andrés de la.
9 (RLIN) 86741
852 ## - LOCALIZACIÓN
Ubicación ES-MaACL
Número de control de estantería L-25300
Sublocalización o colección R.131302
Holdings
Estatus retirado Estado de pérdida Estado de daño No para préstamo Biblioteca de origen Biblioteca actual Ubicación en estantería Fecha de adquisición Fuente de adquisición Total de préstamos Signatura topográfica completa Código de barras Visto por última vez Precio de reemplazo Tipo de ítem Koha
        Biblioteca del Ateneo de Madrid Biblioteca del Ateneo de Madrid Depósito 2 17/01/2008     L-25300 1019162 23/02/2023 23/02/2023 Libro impreso